| Tag |
First Indicator |
Second Indicator |
Subfields |
| LEADER |
00000nam a2200000 4500 |
| 001 |
in00004227421 |
| 005 |
20200806094319.0 |
| 006 |
m g d |
| 007 |
cr bn |||a|bb| |
| 008 |
900827s1633 stk o 00| | lat d |
| 035 |
|
|
|a (UnM)99836100
|
| 037 |
|
|
|a CL0036000022
|b ProQuest. 789 E. Eisenhower Parkway, Ann Arbor, MI 48108-3218
|
| 040 |
|
|
|a Cu-RivES
|c Cu-RivES
|d CStRLIN
|e dcrb
|d WaOLN
|
| 110 |
2 |
|
|a University of Edinburgh.
|
| 245 |
1 |
0 |
|a Eisodia musarum Edinensium in Caroli Regis, Musarum Tutani, ingressu in Scotiam
|
| 260 |
|
|
|a Edinburgi :
|b Excudebant hæredes Andreæ Hart,
|c 1633.
|
| 300 |
|
|
|a 1 online resource ([112] pages)
|
| 336 |
|
|
|a text
|b txt
|2 rdacontent
|
| 337 |
|
|
|a computer
|b c
|2 rdamedia
|
| 338 |
|
|
|a online resource
|b cr
|2 rdacarrier
|
| 500 |
|
|
|a Editor's dedication signed: Io. Adamsonus.
|
| 500 |
|
|
|a In verse.
|
| 500 |
|
|
|a First word of title in Greek characters.
|
| 500 |
|
|
|a Signatures: [pi]4, [sec.]-3[sec.]4, [par.]4, [cross]4, [2 crosses]4, [par.]4, [fleuron]4, ()4, [a]4, b4, c6, *4.
|
| 500 |
|
|
|a "Scotlands vvelcome to her dread soveraigne K. Charles" by David Primrose has separate divisional title on a1r; "Grampius gratulation to his high and mightie monarch, King Charles" by William Douglas has a divisional title on c3r.
|
| 500 |
|
|
|a Reproduction of the original in the British Library.
|
| 510 |
4 |
|
|a STC (2nd edition)
|c 7486
|
| 510 |
3 |
|
|a Case, A.E. Poetical miscellanies, 75 (through signature() only).
|
| 533 |
|
|
|a Electronic reproduction.
|b Ann Arbor, Mich. :
|c UMI,
|d 1999-
|f (Early English books online)
|n Digital version of: (Early English Books, 1475-1640 ; 782:6)
|7 s1999 miun s
|
| 600 |
0 |
0 |
|a Charles
|b I,
|c King of England,
|d 1600-1649
|v Poetry
|v Early works to 1800.
|
| 700 |
1 |
|
|a Adamson, John,
|d d. 1653.
|
| 700 |
1 |
|
|a Primrose, David,
|d d. 1651.
|t Scotlands welcome to her dread soveraigne K. Charles.
|
| 700 |
1 |
|
|a Morton, William Douglas,
|c Earl of,
|d 1583 or 4-1648.
|t Grampius gratulation to his high and mightie monarch, King Charles.
|
| 740 |
0 |
2 |
|a Scotlands welcome to her dread soveraigne K. Charles.
|
| 740 |
0 |
2 |
|a Grampius gratulation to his high and mightie monarch, King Charles.
|
| 830 |
|
0 |
|a Early English books online.
|
| 856 |
4 |
0 |
|u http://proxy.library.tamu.edu/login?url=https://search.proquest.com/docview/2240933051
|z Connect to the full text of this electronic book
|t 0
|
| 999 |
f |
f |
|s defb449f-6477-3851-9ccb-c36beb27c6f6
|i 3e961517-e9d8-3253-aa83-82b0c84629c3
|t 0
|
| 952 |
f |
f |
|a Texas A&M University
|b College Station
|c Electronic Resources
|d Available Online
|t 0
|h No information provided
|
| 998 |
f |
f |
|t 0
|l Available Online
|